| 000 | 00748nam a22002417a 4500 | ||
|---|---|---|---|
| 942 | _cBK | ||
| 999 |
_c511 _d511 |
||
| 005 | 20250420134813.0 | ||
| 008 | 200728b ||||| |||| 00| 0 eng d | ||
| 020 | _a9789814324557 | ||
| 040 | _cKCST | ||
| 082 |
_a620.5 _bCa Na |
||
| 100 |
_aCao, Guozhong _94763 |
||
| 245 |
_aNanostructures & nanomaterials : _bsynthesis, properties & applications / _cGuozhong Cao, Ying Wang. |
||
| 250 | _a2nd edition | ||
| 260 |
_aLondon : _bWorld Scientific, _c2011. |
||
| 300 | _a581 p. | ||
| 440 |
_aWorld Scientific series in nanoscience and nanotechnology _n2. _94764 |
||
| 650 |
_aNanostructures. _91617 |
||
| 650 |
_aNanostructured materials. _94765 |
||
| 650 |
_aNanotechnology. _91122 |
||
| 700 |
_aWang, Ying _94766 |
||
| 942 | _2ddc | ||